| 000 | 00949nas a2200277 4500 | ||
|---|---|---|---|
| 001 | BR2018000299 | ||
| 003 | BR-BrBNA | ||
| 005 | 20231205131228.0 | ||
| 007 | ta | ||
| 008 | 230509b bl.|||p| |||| 00| 00por d | ||
| 040 |
_aBR-BrBNA _bpor _cBiblioteca Nacional de Agricultura |
||
| 041 | _a(En) | ||
| 072 | _aL73 | ||
| 100 | 1 | _aAlbuquerque, N.B. de | |
| 100 | 1 | _aMorey, G.A.M. | |
| 100 | 1 | _aMorais, A.M. | |
| 100 | 1 | _aMalta, J.C. de O. | |
| 245 | 1 | _aMetacercariae of Austrodiplostomum compactum (Lutz, 1928)(Trematoda, Diplostomidae)infecting the eyes of Plagioscion squamosissimus (Heckel, 1840)(Perciformes, Scienidae)from Lake Catalão, Amazonas, Brazil | |
| 650 | _aCORVINA | ||
| 650 | _aINFECÇÃO | ||
| 650 | _aPARASITO DE ANIMAL | ||
| 650 | _aAMAZONAS | ||
| 773 | 0 |
_tActa Amazônica (Brazil) _xISSN 0044-5967 _g(Jun 2017), v. 47(2) p. 141-146 _wBR2018000299 |
|
| 909 |
_a202311 _bLúcia _c55 _dLúcia Elande |
||
| 942 |
_2AGRIS _n0 _cANA |
||
| 999 |
_c253679 _d253679 |
||